000 01016cam a22002414a 4500
001 16322255
005 20110311111638.0
008 100708s2011 ne a 000 0 eng
020 _a9781856177450
040 _aDLC
_cDLC
_dDLC
082 0 0 _a622.33827
_222
_bSHE
100 1 _aSheng, James.
_928475
245 1 0 _aModern chemical enhanced oil recovery :
_btheory and practice /
_cJames Sheng.
260 _aAmsterdam ;
_aBoston, MA :
_bGulf Professional Pub.,
_cc2011.
300 _axxvii, 615 p. :
_bill. ;
_c24 cm.
650 0 _aEnhanced oil recovery.
_928476
650 0 _aOil reservoir engineering.
_928477
650 0 _aOil fields
_xProduction methods.
_928478
653 _bpet
_cJanuary2012
942 _2ddc
_cBB
999 _c16357
_d16357